Normal view
MARC view
- Interacción social
Entry Materia
001 - NÚMERO DE CONTROL DEL REGISTRO
- campo de control: 8936
003 - IDENTIFICADOR DE NUMERO DE CONTROL
- campo de control: MX-MxUPN
005 - FECHA Y HORA DE LA ÚLTIMA TRANSACCIÓN
- campo de control: 20220525150149.0
008 - DATOS DE LONGITUD FIJA
- campo de control de longitud fija: 220525n||acnnnbabn a |na |d
035 ## - NÚMERO DE CONTROL DEL SISTEMA
- Número de control del sistema: UPN10000008942
040 ## - FUENTE DE LA CATALOGACIÓN
- Centro catalogador de origen: MX-MxUPN
- Lengua de catalogación: spa
- Agencia de transcripción: MX-MxUPN
046 ## - FECHAS CON CODIFICACIÓN ESPECIAL
- Fecha final para contenidos agregados: 0
150 ## - ENCABEZAMIENTO - TEMÁTICO
- Término de materia o nombre geográfico como elemento inicial: Interacción social
670 ## - FUENTE EN LA QUE SE LOCALIZARON DATOS
- Cita de la fuente: DGB UNAM Catálogo de autoridades, consultado 25 mayo 2022:
- Información localizada: (Interacción social)
902 ## - CATALOGADOR
- Catalogador: BEC/181096
902 ## - CATALOGADOR
- Catalogador: VRC/250522
